000 00656nam a2200205Ia 4500
005 20250508164756.0
008 008 250505s9999 xx 000 0 hin d
020 _a81-7450-573-3
037 _aReference
040 _aFEDL
_beng
_cFEDL
041 _ahin
_2hin
084 _a300, NCE/RR
_qFEDL
245 0 _aSamajik vigyan: Loktantrik rajniti- 1: Kaksha 9 ke liye rajniti vigyan ki pathya pustak.
245 0 _cNCERT (New Delhi India)
260 _aNew Delhi, India
_bNational Council of Educational Research and Training
_c2006
300 _axi,122p
365 _aINR
_b50
942 _cREF
_h300, NCE/RR
999 _c1391084
_d1391084